Taqdīr: kitāb-o-sunnat kī roshnī meiṉ / (Record no. 342229)
[ view plain ]
| 000 -LEADER | |
|---|---|
| fixed length control field | nam a22 7a 4500 |
| 003 - CONTROL NUMBER IDENTIFIER | |
| control field | NUST |
| 005 - DATE AND TIME OF LATEST TRANSACTION | |
| control field | 20171214093518.0 |
| 008 - FIXED-LENGTH DATA ELEMENTS--GENERAL INFORMATION | |
| fixed length control field | 171214b xxu||||| |||| 00| 0 eng d |
| 020 ## - INTERNATIONAL STANDARD BOOK NUMBER | |
| International Standard Book Number | 9789699110122 |
| 040 ## - CATALOGING SOURCE | |
| Transcribing agency | NUST |
| 082 ## - DEWEY DECIMAL CLASSIFICATION NUMBER | |
| Classification number | 297.227 |
| Author Mark | GUL |
| 100 ## - MAIN ENTRY--PERSONAL NAME | |
| Personal name | Gulen, Muḥammad Fateḥullah. |
| 9 (RLIN) | 7247 |
| 245 ## - TITLE STATEMENT | |
| Title | Taqdīr: kitāb-o-sunnat kī roshnī meiṉ / |
| Statement of responsibility, etc. | Muḥammad Fateḥullah Gulen, tarjumah Muḥammad K̲hālid Yusaf. |
| 260 ## - PUBLICATION, DISTRIBUTION, ETC. | |
| Place of publication, distribution, etc. | Islamabad: |
| Name of publisher, distributor, etc. | Harmony, |
| Date of publication, distribution, etc. | 2009 |
| 300 ## - PHYSICAL DESCRIPTION | |
| Extent | 162 pages |
| 650 ## - SUBJECT ADDED ENTRY--TOPICAL TERM | |
| Topical term or geographic name entry element | Religion- Islam |
| 9 (RLIN) | 7248 |
| 650 ## - SUBJECT ADDED ENTRY--TOPICAL TERM | |
| Topical term or geographic name entry element | Predestination |
| 9 (RLIN) | 7249 |
| 880 ## - ALTERNATE GRAPHIC REPRESENTATION | |
| Linkage | 100-01\(3\r |
| Title | گولن, محمد فتح اللہ |
| 880 ## - ALTERNATE GRAPHIC REPRESENTATION | |
| Linkage | 245-02\(3\r |
| Title | تقدیر کتاب و سنت کی روشنی میں |
| c | محمد فتح اللہ گولن |
| 880 ## - ALTERNATE GRAPHIC REPRESENTATION | |
| Linkage | 260-03\(3\r |
| Title | اسلام آباد : ، |
| b | ہارمونی پبلی کیشنز، |
| c | ٢٠٠٩ |
| 942 ## - ADDED ENTRY ELEMENTS (KOHA) | |
| Source of classification or shelving scheme | |
| Koha item type | Book |
| Withdrawn status | Lost status | Source of classification or shelving scheme | Damaged status | Not for loan | Permanent Location | Current Location | Shelving location | Date acquired | Full call number | Barcode | Date last seen | Copy number | Price effective from | Koha item type |
|---|---|---|---|---|---|---|---|---|---|---|---|---|---|---|
| Central Library (CL) | Central Library (CL) | First Floor - Islam | 12/14/2017 | 297.227 GUL | CL3099 | 12/14/2017 | 1 | 12/14/2017 | Book |
